Débuts de chansons - Années 70 #2 - Statistiques

Statistiques générales
  • Ce quiz a été pris 283 fois
  • Le résultat moyen est 11 sur 22
Statistiques - réponses
Paroles Chanson % Correct
Pourquoi je vis, pourquoi je meurs? / Pourquoi je ris, pourquoi je pleure? SOS d'un terrien en détresse / Daniel Balavoine
88%
Un beau jour, ou peut-être une nuit / Près d'un lac je m'étais endormie L'aigle noir / Barbara
86%
Quand je pense à la vieille anglaise / Qu'on appelait le Queen Mary Le France / Michel Sardou
83%
J'étais tranquille j'étais peinard / Accoudé au flipper Laisse béton / Renaud
77%
Comme un enfant aux yeux de lumière / Qui voit passer au loin les oiseaux L'oiseau et l'enfant / Marie Myriam
75%
Je le sais / Sa façon d'être à moi parfois vous déplaît Ma préférence / Julien Clerc
72%
J'écoutais le disc-jockey / Dans la voiture qui me traînait Sur la route de Memphis / Eddy Mitchell
69%
La pendule de l'entrée s'est arrêtée sur midi / À ce moment très précis Chanson populaire / Claude François
68%
À force de briser de mes mains des guitares / Sur des scènes violentes, sous des lumières bizarres J'ai oublié de vivre / Johnny Hallyday
59%
Quittons dans ce monde insolite / Le bruit des pelles mécaniques Musique / France Gall
55%
Vous les femmes, vous le charme / Vos sourires nous attirent et nous désarment Pauvres diables / Julio Iglesias
54%
Afin de nous ôter nos complexes / Ô gué, ô gué Le zizi / Pierre Perret
50%
J'ai mis ma vie à la gomme dans des guitares bubble-gum / Ça paillette à mort dans mon décor Bubble Star / Laurent Voulzy
42%
Je suis sorti avec Hélène / Dans un café on s'est assis Oh, les filles / Au bonheur des dames
41%
Une nuit je m'endors avec lui / Mais je sais qu'on nous l'interdit Amoureuse / Véronique Sanson
40%
J'ai travaillé des années, sans répit, jour et nuit Mes emmerdes / Charles Aznavour
39%
Elles portent un blouson noir / Elles fument le cigare / Font parfois un enfant Où sont les femmes? / Patrick Juvet
36%
Seule devant ta glace / Tu te vois triste sans savoir pourquoi Si tu t'appelles Mélancolie / Joe Dassin
22%
Sous le ciel de la Californie / Je m'ennuie un peu trop de Paris Petit Rainbow / Sylvie Vartan
15%
Elle a trois ans, je suis fou d'elle / Elle m'éclate complètement la vie Géant / Alain Chamfort
11%
Ils ont arrêté la musique / On va bientôt ramasser nos verres Viens faire un tour sous la pluie / Il Était Une Fois
9%
Ton palais était trois bouts de tôles / Deux planches de bois Fio Maravilha / Nicoletta
8%
Aucun quiz correspondant
Distribution des résultats
% des personnes avec chaque résultat
Percentile par nombre de réponses
Votre historique - résultats
Vous n’avez pas pris ce quiz